000 00324nam a2200121Ia 4500
008 220216s9999 xx 000 0 und d
100 _aMuraleedharan N.
245 0 _aImpact of climate change on pests and diseases of tea
260 _bPlanters Chronicle
_c2010
300 _a23-25
650 _aClimate change
942 _cJS
999 _c60720
_d60720